000 00555nam a2200205Ia 4500
005 20250923145406.0
008 008 250917s9999 xx 000 0 eng d
037 _aTextual
040 _aDSWL
_beng
_cDSWL
041 _aeng
_2eng
084 _aQ2:23, N65
_qDSWL
100 _aWoodroffe, John
_9834824
245 0 _aSabti and Sabta
_c by John Woodroffe
260 _aMadras
_bGanesh & Co.
_c1965
300 _axx,732 p.
365 _aINR
_b25 . 0
925 _g25 . 0
942 _cTEXL
_hQ2:23, N65
999 _c1450816
_d1450816